| 000 | 00917nam a2200229 i 4500 | ||
|---|---|---|---|
| 001 | bg | ||
| 100 | 1 | _aCISZEWSKI, Jan | |
| 245 | 1 | 0 |
_aObrót prawny z zagranicą w sprawach cywilnych i karnych : _bprzepisy, wzory pism, komunikaty, wykazy umów, informacje o wzajemności, wykazy sądów zagranicznych, placówek dyplomatycznych i konsularnych oraz innych / _cJan Ciszewski. |
| 250 | _aWyd. 2 rozszerz. i zaktual. Stan prawny na dzień 1 stycznia 1998 r. | ||
| 260 |
_aWarszawa : _bWydaw. Prawnicze, _c1998. |
||
| 300 |
_a563, [2] s. ; _c21 cm. |
||
| 650 | 9 |
_aPrawo karne procesowe _xprawo międzynarodowe _y1998 r. |
|
| 650 | 9 |
_aPrawo międzynarodowe procesowe _y1998 r. |
|
| 650 | 9 |
_aPrawo prywatne międzynarodowe _y1998 r. |
|
| 020 | _a8321907393 | ||
| 040 | _cBPK | ||
| 041 | 0 | _apl | |
| 080 | _a341.9:341.4](094.4) | ||
| 920 | _a83-219-0739-3 | ||
| 942 | _cKS | ||
| 008 | s pl f |000 0 pol | ||
| 999 |
_c32969 _d32969 |
||
| 856 |
_uhttp://koha.tu.koszalin.pl/cgi-bin/koha/opac-detail.pl?biblionumber=32969 _yKatalog online BPK |
||